Koncepcia efektívneho rozvoja veľkokapacitných jednotiek obchodu obchodných domov Prior kandidátska dizertačná práca
Salvato in:
| Autore principale: | |
|---|---|
| Ente Autore: | |
| Altri autori: | |
| Natura: | Libro |
| Lingua: | slovacco |
| Pubblicazione: |
Bratislava
1985
|
| Soggetti: | |
| Tags: |
Nessun Tag, puoi essere il primo ad aggiungerne!!
|
MARC
| LEADER | 00000nam a2200000 4500 | ||
|---|---|---|---|
| 001 | c002728 | ||
| 005 | 20221220075616.4 | ||
| 041 | 0 | |a slo | |
| 044 | |a SK | ||
| 245 | 1 | 0 | |a Koncepcia efektívneho rozvoja veľkokapacitných jednotiek obchodu obchodných domov Prior |b kandidátska dizertačná práca |c Pavol Szomolányi ; Škol. Štefan Sloboda |
| 264 | 1 | |a Bratislava |c 1985 | |
| 300 | |a 157 s. | ||
| 610 | 2 | 0 | |a obchod vnútorný |
| 610 | 2 | 0 | |a domy obchodné |
| 610 | 2 | 0 | |a štruktúra podniku organizačná |
| 610 | 2 | 0 | |a sklady |
| 610 | 2 | 0 | |a programovanie lineárne |
| 100 | 1 | |a Szomolányi, Pavol | |
| 700 | 1 | |a Sloboda, Štefan | |
| 710 | 2 | |a Vysoká škola ekonomická v Bratislave | |